000 00526nam a2200169Ia 4500
008 090711s9999 xx 000 0 und d
082 _b36798
100 _aभागवत यशवंत
245 _aमुक्काम प्रेमनगर
260 _c1977
300 _a96
600 _aभागवत यशवंत
630 _aमुक्काम प्रेमनगर
700 _aभागवत यशवंत
730 _aमुक्काम प्रेमनगर
942 _cBOOK
999 _c287484
_d287484